Normal view
MARC view
- العقارات- قوانين وتشريعات -الاردن - العراق
Entry Topical Term
001 - CONTROL NUMBER
- control field: 58374
003 - CONTROL NUMBER IDENTIFIER
- control field: JO-AjAnu
005 - DATE AND TIME OF LATEST TRANSACTION
- control field: 20230606083543.0
008 - FIXED-LENGTH DATA ELEMENTS
- fixed length control field: 230606|| aca||aabn | a|a d
040 ## - CATALOGING SOURCE
- Original cataloging agency: JO-AjAnu
- Transcribing agency: JO-AjAnu
150 ## - HEADING--TOPICAL TERM
- Topical term or geographic name entry element: العقارات- قوانين وتشريعات -الاردن - العراق
670 ## - SOURCE DATA FOUND
- Source citation: Work cat.: (JO-AjAnu)29778: اعداد سعد حمدان حمود الجنابي ؛ طلال ياسين العيسى, author 58373, حق الاجنبي في تملك العقارات دراسه مقارنه في القانون الاردني والقانون العراقي والاتفاقيات الدوليه=Foreign right to own real estate in the jordanian and iraq law and international agreements comparative study